000 004370000a22001690004500
003 MACL
005 20151231133742.0
008 151231b xxu||||| |||| 00| 0 eng d
040 _aMACL
_cMACL
041 _aEnglish
082 _a379.23/CHA
100 _aCharlies
_925682
245 _aCompulsory Education Cambodia Laos And Viet nam
260 _bUnesco
_c1955
_aSwietzerland
650 _aEducation
_925683
942 _cBK
_k379/uno
_2ddc
999 _c35501
_d35501